000 00206nam a2200085Ia 4500
008 170617s9999 xx 000 0 und d
100 _aSinha Sharda
245 2 _aA T B of Envirment & Ecology
260 _bN. Delhi AITBS
260 _c2008
999 _c15442
_d15442